00885cam a22002531 4500001001300000003000400013005001700017008004100034010001700075035001900092040003700111042001200148050002200160051001600182100003700198245008000235260004400315300006900359410005700428500002800485500007800513651002300591999001700614gs 14000004 DLC20260227111315.0800828s1913 dcuabf f000 0 eng c ags 14000004  a(OCoLC)6662974 aLibrary, U.S. Geol.cAUdAUdDLC apremarc00aQE75b.P9 no. 85B aGB1205b.S51 aShaw, Eugene Wesley,d1881-1935.14aThe mud lumps at the mouths of the Mississippi /cby Eugene Wesley Shaw ... aWashington :bGovt. Print. Off.,c1913. a1 p. l., 11-27 p. :billus., 2 pl., fold. map, diagrs. ;c30 cm.20aGeological Survey (U.S.).tProfessional paper,v85-B aPub. December 20, 1913. aPart B of Professional paper 85 "Contributions to general geology, 1913." 0aMississippi River. c25325d25325